Natural resource and environmental economics / (Record no. 16363)

MARC details
000 -LEADER
fixed length control field 01207cam a22002898a 4500
001 - CONTROL NUMBER
control field 16670055
005 - DATE AND TIME OF LATEST TRANSACTION
control field 20120105104509.0
008 - FIXED-LENGTH DATA ELEMENTS--GENERAL INFORMATION
fixed length control field 110228s2011 nyu b 001 0 eng
020 ## - INTERNATIONAL STANDARD BOOK NUMBER
International Standard Book Number 9780321417534 (pbk.)
040 ## - CATALOGING SOURCE
Original cataloging agency DLC
Transcribing agency DLC
082 00 - DEWEY DECIMAL CLASSIFICATION NUMBER
Classification number 333.7
Edition number 22
Item number NAT
245 00 - TITLE STATEMENT
Title Natural resource and environmental economics /
Statement of responsibility, etc Roger Perman ... [et al.].
250 ## - EDITION STATEMENT
Edition statement 4th ed.
260 ## - PUBLICATION, DISTRIBUTION, ETC. (IMPRINT)
Place of publication, distribution, etc New York :
Name of publisher, distributor, etc Pearson Addison Weslay,
Date of publication, distribution, etc 2011.
300 ## - PHYSICAL DESCRIPTION
Extent xxx, 712 p. :
Other physical details ill. ;
Dimensions 25 cm
500 ## - GENERAL NOTE
General note Prev. ed. entered under author: Perman, Roger, 1949-
504 ## - BIBLIOGRAPHY, ETC. NOTE
Bibliography, etc Includes bibliographical references and index.
650 #0 - SUBJECT ADDED ENTRY--TOPICAL TERM
Topical term or geographic name as entry element Environmental economics.
9 (RLIN) 28503
650 #0 - SUBJECT ADDED ENTRY--TOPICAL TERM
Topical term or geographic name as entry element Natural resources
General subdivision Management.
9 (RLIN) 28504
650 #0 - SUBJECT ADDED ENTRY--TOPICAL TERM
Topical term or geographic name as entry element Sustainable development.
9 (RLIN) 28505
653 ## - INDEX TERM--UNCONTROLLED
Resource For college
Arrived date list January2012
700 1# - ADDED ENTRY--PERSONAL NAME
Personal name Perman, Roger,
Dates associated with a name 1949-
9 (RLIN) 28506
700 1# - ADDED ENTRY--PERSONAL NAME
Personal name Perman, Roger,
Dates associated with a name 1949-
Title of a work Natural resource and environmental economics.
9 (RLIN) 28507
942 ## - ADDED ENTRY ELEMENTS (KOHA)
Source of classification or shelving scheme Dewey Decimal Classification
Item type Book - Borrowing
Holdings
Withdrawn status Item status Source of classification or shelving scheme Damaged status Not for loan Vendor Home library Current library Shelving location Date acquired Source of acquisition Cost, normal purchase price Serial Enumeration / chronology Total Checkouts Total Renewals Full call number Barcode Date last seen Date last borrowed Koha item type
    Dewey Decimal Classification     Baccah Central Library Central Library First floor 31/01/2012   260.00 13955 2 7 333.7 NAT 000025952 15/07/2025 18/10/2020 Book - Borrowing